Open Innovation Model in the Knowledge Intensive Business Services in the Slovak Republic
Príspevok sa zaoberá vytvorením modelu otvorenej inovácie v prostredí znalostných obchodných služieb v Slovenskej republike. Jeho prvky a ich klasifikácia vychádzajú z výsledkov primárneho prieskumu uskutočneného metódou Delphi.
Salvato in:
| Autore principale: | |
|---|---|
| Altri autori: | , |
| Natura: | Capitolo di libro |
| Lingua: | inglese |
| Soggetti: | |
| Tags: |
Nessun Tag, puoi essere il primo ad aggiungerne!!
|
MARC
| LEADER | 00000naa a2200000 4500 | ||
|---|---|---|---|
| 001 | 0270024 | ||
| 005 | 20260326131902.6 | ||
| 041 | 0 | |a eng | |
| 044 | |a LT | ||
| 245 | 1 | 0 | |a Open Innovation Model in the Knowledge Intensive Business Services in the Slovak Republic |c Dana Benešová, Viera Kubičková, Miroslava Prváková |
| 520 | |a Príspevok sa zaoberá vytvorením modelu otvorenej inovácie v prostredí znalostných obchodných služieb v Slovenskej republike. Jeho prvky a ich klasifikácia vychádzajú z výsledkov primárneho prieskumu uskutočneného metódou Delphi. | ||
| 610 | 2 | 0 | |a služby obchodné |
| 610 | 2 | 0 | |a inovácie technologické |
| 610 | 2 | 0 | |a modely |
| 610 | 2 | 0 | |a podnikanie |
| 610 | 2 | 0 | |a firmy |
| 610 | 2 | 0 | |a manažment |
| 610 | 2 | 0 | |a inovácie otvorené |
| 100 | 1 | |a Benešová, Dana, 1958- | |
| 700 | 1 | |a Kubičková, Viera, 1970- | |
| 700 | 1 | |a Prváková, Miroslava | |